Corruzione al Palazzo di giustizia /

Il cadavere di Ludvi-Pol, un losco e potente faccendiere, viene trovato dentro il Palazzo di Giustizia, «in una città straniera ai giorni nostri». Le indagini su questo inquietante delitto vengono affidate al consigliere Erzi. Il sospetto si addensa presto sulla sezione Grandi Cause, «un piccolo, so...

Olles dieđut

Furkejuvvon:
Bibliográfalaš dieđut
Váldodahkki: Betti, Ugo (Dahkki)
Eará dahkkit: Antonucci, Giovanni, (1941- ) (Ovdasága dahkki)
Materiálatiipa: Girji
Giella:itáliagiella
Almmustuhtton: Roma : Tascabili economici Newton, 1993
Preanttus:Ed. integrale
Ráidu:Centopaginemillelire ; 58
Fáddágilkorat: Lasit fáddágilkoriid
Eai fáddágilkorat, Lasit vuosttaš fáddágilkora!

MARC

LEADER 00000nam a22000007i 4500
001 IT\ICCU\RAV\0219423
003 ItRI
005 20260215104654.0
008 930618s1993 it |||||| ||||| |||||c
020 |a 8879831267 
040 |b ita  |c ct 
041 7 |a ita  |2 ISO-639-2 
082 |a 852.914  |2 19 
100 1 |a Betti, Ugo  |0 IT\ICCU\RAVV\029888  |4 aut 
240 1 0 |a Corruzione al Palazzo di Giustizia  |9 Betti, Ugo 
245 1 0 |a Corruzione al Palazzo di giustizia /  |c Ugo Betti ; introduzione di Giovanni Antonucci. 
250 |a Ed. integrale 
260 |a Roma :  |b Tascabili economici Newton,  |c 1993 
300 |a 93 p. ;  |c 20 cm 
520 |a Il cadavere di Ludvi-Pol, un losco e potente faccendiere, viene trovato dentro il Palazzo di Giustizia, «in una città straniera ai giorni nostri». Le indagini su questo inquietante delitto vengono affidate al consigliere Erzi. Il sospetto si addensa presto sulla sezione Grandi Cause, «un piccolo, solitario e malfermo scoglio», dice uno dei giudici, «sul quale piombano da tutte le parti ondate immense, spaventose; e cioè interessi implacabili, ricchezze sterminate, blocchi ferrei manovrati da uomini tremendi»... 
700 1 |a Antonucci, Giovanni,  |d  (1941- )  |0 IT\ICCU\CFIV\048982  |4 aui 
830 0 |a Centopaginemillelire ;  |v 58  |0 IT\ICCU\RAV\0196182 
942 |2 ddc  |c BK 
952 |0 0  |1 0  |2 ddc  |4 0  |6 B_LTR05BETUGCORR11  |7 0  |9 7709  |a MI  |b MI  |d 2012-06-04  |i 6341  |l 0  |o B-LTR05-BETUG-CORR11  |p CDOM6341  |r 2025-07-13 16:28:45  |w 2025-07-13  |x DONO  |y BK 
952 |0 0  |1 0  |4 0  |6 DOC_852_914000000000000_BET  |7 0  |9 17201  |a BO  |b BO  |d 2026-01-15  |i 10206  |l 0  |o DOC 852.914 BET  |p BO10206  |r 2026-01-15 23:19:34  |w 2026-01-15  |x [Sebina 5] [1 v.]  |y BK  |z 1 v. 
999 |c 6384  |d 6384